000
00274nam a2200121Ia 4500
008
190216s9999||||xx |||||||||||||| ||und||
100
_a
Nobel Laureates
245
0
_a
Drumbeats
260
_b
B I Publication
_c
1991
300
_a
149p
650
_a
English Prose
942
_c
BK
999
_c
13629
_d
13629